|
|
|
|
| LEADER |
00000nab a2200000 a 4500 |
| 001 |
vtls008415056 |
| 003 |
SK-MaSNL |
| 005 |
20260304212417.0 |
| 008 |
040806c2001 xo 0 slo |
| 015 |
|
|
|a SNBCL2005/5
|
| 035 |
|
|
|a SLK030273
|
| 040 |
|
|
|a SLKCL
|b slo
|c SNKBUCL
|e AACR2
|
| 041 |
1 |
|
|a slo
|
| 044 |
|
|
|a xo
|c SK
|
| 080 |
|
|
|a 615.277.4:614.8:061.3
|2 1981
|
| 100 |
1 |
|
|a Lepieš, G.
|u Štátny zdravotný ústav, Topoľčany
|4 aut
|9 1544377
|
| 245 |
1 |
0 |
|a Chemické karcinogény a ich vplyv na zdravie pracovníkov Elektrokarbon, a.s., Topoľčany
|c G. Lepieš, Ľ. Bošanský
|
| 650 |
0 |
7 |
|a karcinogény
|2 MESH
|9 16270
|
| 650 |
0 |
7 |
|a prach
|2 MESH
|9 27994
|
| 650 |
0 |
7 |
|a polycyklické aromatické uhľovodíky
|2 MESH
|9 79161
|
| 650 |
0 |
7 |
|a lymfocyty
|2 MESH
|9 16131
|
| 650 |
0 |
7 |
|a priemysel
|2 MESH
|9 1618
|
| 650 |
0 |
7 |
|a abstrakty z kongresu
|2 MESH
|9 168204
|
| 700 |
1 |
|
|a Bošanský, Ľ.
|4 aut
|u Štátny zdravotný ústav, Topoľčany
|9 1544378
|
| 711 |
2 |
|
|a Martinské dni pracovného lekárstva a toxikológie
|n (7. :
|d 2001 :
|c Martin, Slovensko)
|4 aut
|9 97259
|
| 773 |
0 |
|
|w SERIAL_GENERAL*000275*2001*001*002
|x 0032-6291
|t Pracovní lékařství
|g Roč. 53, č. 2 (2001), s. 95
|
| 850 |
|
|
|a Slovenská lekárska knižnica v Bratislave
|a BA006
|
| 852 |
|
|
|a BA006
|b KIS3GCP
|b 000500000
|
| 999 |
|
|
|c 3131213
|d 3133143
|